[Event "Berliner Sommer"]
[Site "Berlin GER"]
[Date "1993.??.??"]
[Round "?"]
[White "Deev, Andrei"]
[Black "Gofshtein, Zeev-Alon"]
[Result "0-1"]
[WhiteElo "2430"]
[BlackElo "2540"]
[PlyCount "72"]
[EventDate "1993.08.??"]
[Source "www.chesslib.no"]
[SourceDate "2004.05.04"]

1. e4 d6 2. d4 Nf6 3. Bd3 e5 4. c3 Nc6 5. Nf3 Bg4 6. Qb3 Qd7 7. d5 Nd8 8. Nbd2 Be7 9. Ng1 O-O 10. f3 Bh5 11. Ne2 c6 12. c4 Qc7 13. h4 Bg6 14. a4 h6 15. a5 Nd7 16. g4 h5 17. Ng3 hxg4 18. fxg4 Nc5 19. Qc3 b5 20. axb6 Nxd3+ 21. Qxd3 Qxb6 22. Nf3 cxd5 23. cxd5 Nb7 24. Be3 Nc5 25. Qa3 Rfc8 26. O-O Qd8 27. h5 Bh7 28. Nd2 Bg5 29. Nf5 Rab8 30. b4 Na4 31. Rac1 Bxf5 32. gxf5 Rxc1 33. Rxc1 Rxb4 34. Nf3 Bxe3+ 35. Qxe3 Nc5 36. Nxe5 Rb3 0-1

[Event "Altensteig"]
[Site "Altensteig"]
[Date "1987.??.??"]
[Round "?"]
[White "Hickl, Joerg"]
[Black "Kindermann, Stefan"]
[Result "1/2-1/2"]
[WhiteElo "2450"]
[BlackElo "2520"]
[PlyCount "22"]
[EventDate "1987.06.??"]
[Source "ChessBase"]

1. e4 e5 2. Nf3 Nc6 3. a3 Nf6 4. d4 Nxe4 5. d5 Ne7 6. Nxe5 Ng6 7. Qd4 Qf6 8. Qxe4 Qxe5 9. Nd2 Be7 10. Qxe5 Nxe5 11. Nc4 Nxc4 1/2-1/2

[Event "URS Ch otbor"]
[Site "Pavlodar"]
[Date "1987.??.??"]
[Round "?"]
[White "Lukin, Andrei M"]
[Black "Vladimirov, Evgeny Y"]
[Result "0-1"]
[WhiteElo "2445"]
[BlackElo "2525"]
[PlyCount "60"]
[EventDate "1987.??.??"]
[Source "www.chesslib.no"]
[SourceDate "2004.05.04"]

1. e4 e5 2. Nf3 Nf6 3. d3 Nc6 4. g3 Bc5 5. Bg2 d6 6. Nc3 a6 7. h3 O-O 8. O-O Be6 9. Kh2 h6 10. Nh4 d5 11. exd5 Nxd5 12. Nxd5 Bxd5 13. Qg4 Be6 14. Nf5 Qf6 15. Bxh6 Bxf5 16. Bxg7 Qxg7 17. Qxf5 Nd4 18. Qd7 Bd6 19. c3 Ne6 20. Rae1 Nc5 21. Qf5 Qg6 22. Qf3 c6 23. d4 exd4 24. cxd4 Ne6 25. Rd1 f5 26. d5 Ng5 27. Qb3 c5 28. f4 Ne4 29. Bxe4 fxe4 30. Qxb7 Rab8 0-1

[Event "Bonn GSK-3"]
[Site "Bonn"]
[Date "1996.??.??"]
[Round "?"]
[White "Zagorskis, Darius"]
[Black "Seul, Georg"]
[Result "1-0"]
[WhiteElo "2520"]
[BlackElo "2445"]
[PlyCount "111"]
[EventDate "1996.08.??"]
[Source "ChessBase"]

1. d4 d6 2. e4 Nf6 3. Bd3 e5 4. c3 Nc6 5. Nf3 Bg4 6. d5 Ne7 7. c4 g6 8. h3 Bxf3 9. Qxf3 Bg7 10. Nc3 O-O 11. h4 h5 12. Qe2 Nd7 13. Bg5 c6 14. O-O-O f6 15. Bd2 cxd5 16. cxd5 Nc5 17. Bc2 f5 18. f3 f4 19. Kb1 Kh7 20. Be1 a6 21. Rc1 Bf6 22. Bf2 b5 23. a3 Qb8 24. b4 Nd7 25. Bd3 Nc8 26. Na2 Bd8 27. Rc6 Bb6 28. Bxb6 Ndxb6 29. Qf2 Ra7 30. Nc1 Rb7 31. Nb3 Ne7 32. Rc2 Rc8 33. Rhc1 Rbc7 34. Na5 Rxc2 35. Rxc2 Rxc2 36. Qxc2 Na4 37. Nc6 Qc7 38. Ka2 Nc8 39. Bc4 Nab6 40. Bb3 Na7 41. a4 bxa4 42. Bxa4 Nxa4 43. Qxa4 Qb6 44. Nxa7 Qxa7 45. Qc6 Qf2+ 46. Kb3 Qf1 47. b5 Qb1+ 48. Kc3 Qc1+ 49. Kb4 Qb2+ 50. Ka5 Qa3+ 51. Kb6 axb5 52. Qxb5 Kh6 53. Kc7 g5 54. Qb6 Qc3+ 55. Qc6 Qa5+ 56. Kxd6 1-0

[Event "HUN Ch"]
[Site "Budapest HUN"]
[Date "1978.??.??"]
[Round "?"]
[White "Hazai, Laszlo"]
[Black "Farago, Ivan"]
[Result "1/2-1/2"]
[WhiteElo "2455"]
[BlackElo "2510"]
[PlyCount "50"]
[EventDate "1978.12.??"]
[Source "www.chesslib.no"]
[SourceDate "2004.05.04"]

1. e4 e6 2. d3 d5 3. Nd2 Nf6 4. Ngf3 Nc6 5. g3 e5 6. Bg2 dxe4 7. dxe4 Bc5 8. O-O O-O 9. c3 a5 10. Qc2 Be6 11. Ng5 Bd7 12. Nc4 Qc8 13. Ne3 h6 14. Nf3 Bxe3 15. Bxe3 Bh3 16. Nd2 Bxg2 17. Kxg2 Qe6 18. Qb3 Qxb3 19. axb3 Ng4 20. Rfe1 Nxe3+ 21. Rxe3 Rfd8 22. Re2 b5 23. Kf1 Rd3 24. Ke1 Rb8 25. Kd1 Rd6 1/2-1/2

[Event "Moscow3"]
[Site "Moscow"]
[Date "1995.??.??"]
[Round "?"]
[White "Smagin, Sergey"]
[Black "Ivanov, Timur"]
[Result "1-0"]
[WhiteElo "2540"]
[BlackElo "2425"]
[PlyCount "97"]
[EventDate "1995.04.??"]
[Source "ChessBase"]

1. e4 d6 2. d4 Nf6 3. Bd3 e5 4. c3 Nc6 5. Nf3 g6 6. O-O Bg7 7. h3 O-O 8. Re1 Re8 9. Na3 a6 10. Bd2 h6 11. Rc1 Nh5 12. Nc2 Kh7 13. a3 Bd7 14. b4 Nf6 15. Rb1 Qc8 16. Bc4 Re7 17. d5 Nb8 18. Bf1 c6 19. c4 b5 20. Rc1 bxc4 21. Ne3 Nxe4 22. Nxc4 cxd5 23. Nxd6 Qd8 24. Nxe4 dxe4 25. Rxe4 Bc6 26. Rec4 e4 27. Ne1 Rd7 28. R1c2 Ba4 29. Qe2 Bxc2 30. Rxc2 Nc6 31. Rxc6 Rxd2 32. Qxe4 Ra7 33. Nd3 Re7 34. Qf3 Rc7 35. Rxa6 Rc3 36. Qxf7 Rc7 37. Qxg6+ Kh8 38. Re6 Re7 39. Nf4 Rxe6 40. Nxe6 Qf6 41. Qe8+ Kh7 42. f4 Qg6 43. Nxg7 Qxg7 44. Qe4+ Kh8 45. Bd3 Qd7 46. Qe5+ Kg8 47. Bc4+ Kh7 48. Kh2 Qb7 49. Bd3+ 1-0

[Event "I Torneo Internacional Hotelsviva.com"]
[Site "Mallorca"]
[Date "2003.10.20"]
[Round "3.5"]
[White "Cabrera, Alexis"]
[Black "Braga, Fernando"]
[Result "1-0"]
[WhiteElo "2516"]
[BlackElo "2449"]
[PlyCount "75"]
[EventDate "2003.10.18"]
[Source "Roberto Alvarez"]
[SourceDate "2003.12.01"]

1. e4 d6 2. d4 Nf6 3. Bd3 e5 4. c3 Nc6 5. Nf3 g6 6. O-O Bg7 7. d5 Ne7 8. c4 O-O 9. Nc3 Nh5 10. Re1 h6 11. b4 Nf4 12. c5 Nxd3 13. Qxd3 f5 14. Nd2 f4 15. Ba3 g5 16. b5 Ng6 17. Rac1 dxc5 18. Bxc5 Rf7 19. Nc4 Bf8 20. Bxf8 Qxf8 21. d6 Be6 22. dxc7 Rxc7 23. Nd5 Rf7 24. Red1 Rc8 25. Nd6 Rxc1 26. Rxc1 Rd7 27. Nc8 g4 28. Nxa7 Rg7 29. b6 h5 30. Nb5 g3 31. hxg3 h4 32. Qa3 hxg3 33. fxg3 fxg3 34. Qxf8+ Nxf8 35. Nbc7 Bd7 36. Rc3 Bc6 37. Rxc6 bxc6 38. b7 1-0

[Event "EU-chT (Men)"]
[Site "Batumi"]
[Date "1999.12.04"]
[Round "6.4"]
[White "Stevic, Hrvoje"]
[Black "Vokac, Marek"]
[Result "1/2-1/2"]
[WhiteElo "2470"]
[BlackElo "2494"]
[PlyCount "33"]
[EventDate "1999.11.06"]
[Source "ChessBase"]
[SourceDate "2000.02.01"]

1. e4 d6 2. d4 Nf6 3. Bd3 e5 4. c3 Nc6 5. Nf3 g6 6. O-O Bg7 7. h3 O-O 8. Re1 h6 9. Na3 Re8 10. Nc2 a6 11. a4 Bd7 12. Rb1 a5 13. Bd2 Nh5 14. Bc4 Nf6 15. Bd3 Nh5 16. Bc4 Nf6 17. Bd3 1/2-1/2

[Event "URS Ch otbor"]
[Site "Pavlodar"]
[Date "1987.??.??"]
[Round "?"]
[White "Lukin, Andrei M"]
[Black "Makarichev, Sergey Y"]
[Result "0-1"]
[WhiteElo "2445"]
[BlackElo "2515"]
[PlyCount "57"]
[EventDate "1987.??.??"]
[Source "www.chesslib.no"]
[SourceDate "2004.05.04"]

1. e4 e5 2. Nf3 Nf6 3. d3 Nc6 4. g3 d5 5. exd5 Nxd5 6. Bg2 Nde7 7. O-O g6 8. Nbd2 Bg7 9. Re1 O-O 10. Nc4 f6 11. b3 Re8 12. Bb2 Nf5 13. c3 Nd6 14. d4 Nxc4 15. bxc4 Na5 16. Qa4 c5 17. dxe5 Bd7 18. Qa3 Qb6 19. Rad1 Bc6 20. exf6 Nxc4 21. Qb3 Qxb3 22. axb3 Nxb2 23. Rd6 c4 24. Rxe8+ Rxe8 25. fxg7 cxb3 26. Nd2 Re1+ 27. Bf1 Bb5 28. c4 Bxc4 29. Nf3 0-1

[Event "KB Czech Open"]
[Site "Pardubice"]
[Date "2003.07.21"]
[Round "4"]
[White "Meduna, Eduard"]
[Black "Gutman, Gennadi"]
[Result "1/2-1/2"]
[WhiteElo "2447"]
[BlackElo "2513"]
[PlyCount "36"]
[EventDate "2003.07.18"]
[Source "Roberto Alvarez"]
[SourceDate "2003.07.21"]

1. d4 d6 2. e4 Nf6 3. Bd3 e5 4. c3 Nc6 5. Nf3 Be7 6. d5 Nb8 7. c4 a5 8. c5 O-O 9. O-O Bg4 10. cxd6 cxd6 11. h3 Bh5 12. Nc3 Nbd7 13. Be3 Rc8 14. Be2 Nc5 15. Nd2 Bg6 16. Bg4 Nxg4 17. hxg4 Bg5 18. Bxg5 Qxg5 1/2-1/2

[Event "CRO-chT"]
[Site "Medulin"]
[Date "2002.09.12"]
[Round "4"]
[White "Mestrovic, Zvonimir"]
[Black "Pavasovic, Dusko"]
[Result "0-1"]
[WhiteElo "2387"]
[BlackElo "2568"]
[PlyCount "58"]
[EventDate "2002.09.09"]
[Source "ChessBase"]
[SourceDate "2002.11.06"]

1. e4 e5 2. d4 exd4 3. Nf3 Nc6 4. Bb5 a6 5. Bxc6 dxc6 6. Qxd4 Qxd4 7. Nxd4 Bd7 8. Nc3 O-O-O 9. Bd2 Bd6 10. O-O-O Ne7 11. f3 h5 12. Nde2 Ng6 13. Be3 f6 14. Bf2 h4 15. h3 Rde8 16. Rhe1 b5 17. a3 a5 18. Kb1 Rh5 19. Be3 f5 20. exf5 Rxe3 21. fxg6 Rg5 22. Ne4 Rxg2 23. Nxd6+ cxd6 24. Nf4 Rxe1 25. Rxe1 Rg3 26. Re7 Rxf3 27. Rf7 Rf1+ 28. Ka2 Kd8 29. Nd5 Bxh3 0-1

[Event "GER-ch"]
[Site "Gladenbach"]
[Date "1997.11.20"]
[Round "4"]
[White "Schmaltz, Roland"]
[Black "Mueller, Karsten"]
[Result "0-1"]
[WhiteElo "2445"]
[BlackElo "2505"]
[PlyCount "90"]
[EventDate "1997.11.17"]
[Source "ChessBase"]
[SourceDate "1998.03.09"]

1. e4 e6 2. d3 d5 3. Nd2 Nf6 4. Ngf3 Nc6 5. Be2 e5 6. O-O Bd6 7. c3 a5 8. b3 O-O 9. a3 Ne7 10. Re1 Ng6 11. Bf1 c6 12. Bb2 Re8 13. g3 b6 14. b4 Bb7 15. Qb3 Qc7 16. Bg2 c5 17. exd5 Bxd5 18. c4 Bc6 19. b5 Bb7 20. Bc3 Re7 21. Qb2 Rae8 22. Re2 Nd7 23. Rae1 f6 24. Nf1 Rf7 25. Ne3 Ne7 26. Qa2 Nf8 27. Nd5 Nxd5 28. cxd5 Rd8 29. Nd2 Ng6 30. Bh3 Kh8 31. Be6 Re7 32. Ne4 Rxe6 33. dxe6 Be7 34. Qc2 Qc8 35. Rf1 Qxe6 36. f4 f5 37. Nd2 Qd5 38. Rf3 exf4 39. gxf4 Bd6 40. Qb2 Bxf4 41. Bxg7+ Kg8 42. Bf6 Bxd2 43. Bxd8 Qxf3 44. Rxd2 Qh1+ 45. Kf2 Qg2+ 0-1

[Event "Kaissa CC"]
[Site "?"]
[Date "2000.05.07"]
[Round "9"]
[White "Vorobiov Evgeny E"]
[Black "Simantsev Mikhail"]
[Result "1-0"]
[WhiteElo "2500"]
[BlackElo "2447"]
[PlyCount "83"]
[EventDate "2000.??.??"]
[Source "www.chesslib.no"]
[SourceDate "2004.05.04"]

1. e4 e5 2. Nf3 Nf6 3. d3 Nc6 4. c3 Be7 5. Be2 O-O 6. O-O d5 7. Nbd2 Re8 8. Re1 Bf8 9. h3 h6 10. a4 Be6 11. Bf1 a5 12. Qc2 Qd7 13. Nb3 Rad8 14. Bd2 Qc8 15. Rad1 b6 16. Bc1 Qa8 17. Nbd2 Qc8 18. Be2 d4 19. Bf1 Nd7 20. cxd4 Nxd4 21. Nxd4 exd4 22. f4 f6 23. Nc4 Bb4 24. Re2 Nc5 25. g4 Qa6 26. b3 c6 27. f5 Bf7 28. Rg2 b5 29. Nd2 Bxd2 30. Bxd2 Bxb3 31. Qxc5 Bxd1 32. h4 bxa4 33. g5 fxg5 34. hxg5 h5 35. g6 Rd7 36. Qc1 Bf3 37. Rg3 Bg4 38. Rxg4 hxg4 39. Qe1 c5 40. Qh4 Rd6 41. Qh7+ Kf8 42. Bg5 1-0

[Event "First Saturday GM Maggio 2007"]
[Site "Budapest UNG"]
[Date "2007.05.07"]
[Round "1.1"]
[White "Vajda, Levente"]
[Black "Collins, Sam"]
[Result "1/2-1/2"]
[WhiteElo "2549"]
[BlackElo "2398"]
[PlyCount "91"]
[EventDate "2007.05.07"]
[Source "www.chesslib.no"]
[SourceDate "2004.05.04"]

1. e4 e5 2. Nf3 Nf6 3. d3 Nc6 4. Be2 Be7 5. O-O O-O 6. c4 d6 7. h3 Nd7 8. Nc3 Nc5 9. Be3 f5 10. exf5 Bxf5 11. d4 exd4 12. Nxd4 Nxd4 13. Bxd4 Bf6 14. Bxf6 Qxf6 15. Nd5 Qf7 16. b4 Ne4 17. Bh5 g6 18. Bf3 Ng5 19. Bg4 c6 20. Ne3 Bxg4 21. Nxg4 Qxc4 22. Qxd6 Nf7 23. Qd2 Rad8 24. Qb2 Qd4 25. Qb3 h5 26. Rad1 Qg7 27. Ne3 Qf6 28. f4 Rxd1 29. Rxd1 Rd8 30. Rxd8+ Qxd8 31. f5 Qf6 32. g4 hxg4 33. fxg6 Qxg6 34. Nxg4 Kf8 35. Kf2 Ng5 36. Qe3 Ne4+ 37. Kf3 Qf5+ 38. Kg2 Qd5 39. Qf4+ Kg8 40. Qb8+ Kf7 41. Qxb7+ Ke6 42. Qc8+ Ke7 43. Qc7+ Ke6 44. Qf4 Nc3+ 45. Kf1 Qd1+ 46. Kg2 1/2-1/2

[Event "New York op"]
[Site "New York"]
[Date "1990.??.??"]
[Round "8"]
[White "Abramovic, Bosko"]
[Black "Howell, James C"]
[Result "0-1"]
[WhiteElo "2495"]
[BlackElo "2450"]
[PlyCount "60"]
[EventDate "1990.04.??"]
[Source "ChessBase"]

1. e4 e5 2. Nf3 Nf6 3. d3 Nc6 4. c3 g6 5. Be2 Bg7 6. Nbd2 O-O 7. h3 d6 8. Nf1 Nh5 9. g3 Kh8 10. Ne3 f5 11. exf5 gxf5 12. Nxe5 dxe5 13. Bxh5 f4 14. Nf1 Bf5 15. Be2 Qd5 16. f3 Rad8 17. g4 Bxd3 18. Qxd3 Qxd3 19. Bxd3 Rxd3 20. Nd2 Rfd8 21. Rf1 Re3+ 22. Kf2 Rdd3 23. h4 Bf8 24. Re1 Bc5 25. Kf1 Bb6 26. Rxe3 Rxe3 27. Ne4 Rxf3+ 28. Ke2 Rh3 29. h5 f3+ 30. Kd3 Rh1 0-1

[Event "SLO-chT"]
[Site "Ljubljana"]
[Date "1997.??.??"]
[Round "?"]
[White "Barle, Janez"]
[Black "Pavasovic, Dusko"]
[Result "0-1"]
[WhiteElo "2445"]
[BlackElo "2495"]
[PlyCount "82"]
[EventDate "1997.07.??"]
[Source "ChessBase"]
[SourceDate "1998.03.09"]

1. e4 e5 2. Nf3 Nf6 3. d3 Nc6 4. c3 d5 5. Nbd2 a5 6. Be2 Bc5 7. O-O O-O 8. Qc2 a4 9. b4 axb3 10. Nxb3 Be7 11. Rd1 Bg4 12. h3 Bh5 13. Nh4 Ba3 14. Bg5 Bxe2 15. Qxe2 h6 16. Be3 Re8 17. Nf5 Ne7 18. Nxe7+ Qxe7 19. Qc2 Ra6 20. f3 b5 21. Kh2 c5 22. c4 bxc4 23. dxc4 d4 24. Bf2 Nh5 25. g3 Rea8 26. Rd3 Qe6 27. Nd2 Ra4 28. Kg2 Qa6 29. Qd1 Qg6 30. Rb3 Bb4 31. a3 Bc3 32. Rab1 Rxa3 33. Rb6 Qg5 34. Nf1 Ra2 35. h4 Qd8 36. Kg1 Bb4 37. Rb5 R8a3 38. Be1 d3 39. Bxb4 Qd4+ 40. Kh1 cxb4 41. Qe1 Re2 0-1

[Event "Minsk Open"]
[Site "Minsk BLR"]
[Date "1994.??.??"]
[Round "4"]
[White "Fedorov, Alexei"]
[Black "Rustemov, Alexander"]
[Result "1/2-1/2"]
[WhiteElo "2505"]
[BlackElo "2435"]
[PlyCount "76"]
[EventDate "1994.??.??"]
[Source "www.chesslib.no"]
[SourceDate "2004.05.04"]

1. e4 d6 2. d4 Nf6 3. Bd3 e5 4. c3 Nc6 5. Nf3 g6 6. O-O Bg7 7. h3 O-O 8. Re1 Re8 9. d5 Nb8 10. c4 a5 11. Nc3 Na6 12. a3 c5 13. Bg5 Nc7 14. Qd2 Bd7 15. b3 Qe7 16. a4 Qf8 17. Rac1 Kh8 18. Nh2 Ng8 19. Be3 Bh6 20. f4 exf4 21. Bxf4 Bxf4 22. Qxf4 Qe7 23. Nf3 f6 24. Re2 Kg7 25. Rf1 Nh6 26. Ref2 Rf8 27. Ne2 Nf7 28. Qg3 Ne5 29. Nf4 Kh8 30. Qh4 Kg8 31. Bc2 Rf7 32. Nd3 Ne8 33. Nfxe5 dxe5 34. Bd1 b6 35. Bg4 Ra7 36. Bxd7 Rxd7 37. Rf3 Kg7 38. Nf2 f5 1/2-1/2

[Event "Moscow Tal Memorial"]
[Site "Moscow RUS"]
[Date "1992.??.??"]
[Round "?"]
[White "Yakovich, Yuri"]
[Black "Zvjaginsev, Vadim"]
[Result "1/2-1/2"]
[WhiteElo "2525"]
[BlackElo "2415"]
[PlyCount "176"]
[EventDate "1992.08.??"]
[Source "www.chesslib.no"]
[SourceDate "2004.05.04"]

1. d4 d6 2. e4 Nf6 3. Bd3 e5 4. c3 Nc6 5. Nf3 g6 6. Bg5 h6 7. Bh4 Bg7 8. Nbd2 O-O 9. O-O Qe8 10. dxe5 dxe5 11. Nc4 b6 12. Qc2 Bb7 13. b4 Nh5 14. Rfe1 Nf4 15. Bf1 f6 16. Nfd2 h5 17. f3 Bh6 18. Bf2 Kh7 19. a4 a5 20. bxa5 Nxa5 21. Nxa5 Rxa5 22. Nc4 Ra8 23. a5 bxa5 24. Rxa5 Ba6 25. Rea1 Qe6 26. R1a4 Bb7 27. Ra7 Qc8 28. Qb3 Bg7 29. R4a5 Bc6 30. Rxa8 Bxa8 31. Ra7 Qb8 32. Qxb8 Rxb8 33. Rxc7 Rb7 34. Rxb7 Bxb7 35. Be3 Bf8 36. Kf2 Bc6 37. Na5 Ba4 38. g3 Ne6 39. Bc4 Nc5 40. Ke2 f5 41. exf5 gxf5 42. Bd5 Kg6 43. Nc6 Kf6 44. f4 exf4 45. Bxf4 Bb5+ 46. Ke3 Bxc6 47. Bxc6 Ne6 48. Bb8 Bh6+ 49. Kd3 f4 50. Bf3 fxg3 51. Bxg3 Kf5 52. Kc4 Nf4 53. Kb5 Bg5 54. h4 Bd8 55. c4 Ng6 56. Bxh5 Nxh4 57. c5 Ng2 58. Kc6 Nf4 59. Bd1 Ne6 60. Kd7 Ba5 61. c6 Nc5+ 62. Ke7 Na6 63. Bf3 Nb4 64. c7 Bxc7 65. Bxc7 Nd3 66. Kd6 Ne5 67. Bd1 Ke4 68. Ke6 Nc4 69. Be2 Ne3 70. Ba6 Kd4 71. Bb6+ Ke4 72. Bb7+ Kd3 73. Ba7 Nc2 74. Ke5 Nb4 75. Bg2 Kc3 76. Bd4+ Kd2 77. Ke4 Kc2 78. Bh3 Kd2 79. Bb6 Kc3 80. Be6 Nd3 81. Ba5+ Kc2 82. Kd4 Nb2 83. Bd5 Nd1 84. Bc6 Nb2 85. Bb5 Kb3 86. Be1 Kc2 87. Bc3 Kb3 88. Bd7 Nd1 1/2-1/2

[Event "ARM-ch"]
[Site "Yerevan"]
[Date "2001.09.15"]
[Round "3"]
[White "Nalbandian, Tigran"]
[Black "Minasian, Ara"]
[Result "1/2-1/2"]
[WhiteElo "2458"]
[BlackElo "2480"]
[PlyCount "75"]
[EventDate "2001.09.13"]
[Source "ChessBase"]
[SourceDate "2001.02.01"]

1. d3 d5 2. Nf3 Nc6 3. Nbd2 e5 4. e4 Nf6 5. Be2 Bc5 6. c3 a5 7. O-O O-O 8. a4 h6 9. Qc2 Be6 10. b3 Re8 11. Bb2 Ba7 12. Ba3 Nh5 13. g3 Nf6 14. Nh4 Bh3 15. Ng2 Qd7 16. Rad1 Rad8 17. Bc1 Qd6 18. exd5 Nxd5 19. Nc4 Qg6 20. Be3 Nxe3 21. fxe3 Rd7 22. Bf3 Red8 23. Bxc6 Qxc6 24. Nxe5 Qxg2+ 25. Qxg2 Bxe3+ 26. Kh1 Bxg2+ 27. Kxg2 Rd5 28. d4 c5 29. Nxf7 Re8 30. Ne5 cxd4 31. cxd4 Bxd4 32. Nc4 Red8 33. Rf3 Bf6 34. Rxd5 Rxd5 35. g4 b5 36. axb5 Rxb5 37. Rd3 a4 38. bxa4 1/2-1/2

[Event "Budapest HUN"]
[Site "?"]
[Date "2006.03.11"]
[Round "2.3"]
[White "Vajda Levente"]
[Black "Sendur Adnan"]
[Result "1-0"]
[WhiteElo "2526"]
[BlackElo "2411"]
[PlyCount "107"]
[EventDate "2006.??.??"]
[Source "www.chesslib.no"]
[SourceDate "2004.05.04"]

1. e4 e5 2. Nf3 Nf6 3. d3 Nc6 4. Be2 g6 5. O-O Bg7 6. h3 d5 7. exd5 Nxd5 8. Re1 O-O 9. Bf1 h6 10. Nbd2 Re8 11. c3 b6 12. g3 Bb7 13. a4 Qd7 14. Nc4 Rad8 15. Qb3 a5 16. Bg2 Ba8 17. Bd2 Re7 18. Rad1 Rde8 19. Bc1 Nb8 20. d4 exd4 21. Rxe7 Qxe7 22. Nxd4 Rd8 23. Nb5 Na6 24. Qc2 Nc5 25. Nd2 Ne3 26. Re1 Nxc2 27. Rxe7 Bxg2 28. Kxg2 Nd3 29. Nb3 c6 30. Na7 c5 31. Bf4 c4 32. Nc1 Nxb2 33. Re2 Nd3 34. Nb5 g5 35. Bc7 Nde1+ 36. Kf1 Rd1 37. Re8+ Kh7 38. Ne2 Nf3+ 39. Kg2 Nce1+ 40. Kf1 Nd2+ 41. Kg1 Nef3+ 42. Kg2 Re1 43. Bxb6 Be5 44. Nbd4 Bxd4 45. cxd4 c3 46. Bxa5 Ra1 47. Bxc3 Rxa4 48. d5 Ra7 49. Ng1 Nb1 50. Bb4 Nxg1 51. Kxg1 Ra4 52. Rb8 Kg6 53. d6 Ra7 54. Bc5 1-0

[Event "JUG-chT"]
[Site "Tivat"]
[Date "1995.??.??"]
[Round "8"]
[White "Barlov, Dragan"]
[Black "Nikcevic, Nebojsa"]
[Result "1/2-1/2"]
[WhiteElo "2465"]
[BlackElo "2470"]
[PlyCount "97"]
[EventDate "1995.??.??"]
[Source "ChessBase"]

1. e4 e5 2. Nf3 Nf6 3. d3 Nc6 4. c3 d5 5. Qc2 h6 6. b4 Bd6 7. a3 dxe4 8. dxe4 a5 9. Bb2 O-O 10. Nbd2 Qe7 11. Be2 Nh5 12. g3 Bh3 13. Nc4 Nf6 14. Rd1 Qe6 15. Ne3 axb4 16. cxb4 Nd4 17. Nxd4 exd4 18. Rxd4 Be5 19. Rc4 Bxb2 20. Qxb2 Nxe4 21. Bf3 f5 22. Rxc7 Rf7 23. Rxf7 Kxf7 24. Ke2 Qa6+ 25. b5 Qxb5+ 26. Qxb5 Nc3+ 27. Kd2 Nxb5 28. Rb1 Nd6 29. Rb6 Ra6 30. Rxa6 bxa6 31. Kc3 g5 32. Kb4 Ke6 33. Be2 Ne4 34. f3 Nd2 35. Kc3 Nb1+ 36. Kb2 Nd2 37. Nc4 Nxc4+ 38. Bxc4+ Ke5 39. Bxa6 Bg2 40. Bb7 Kd4 41. a4 g4 42. fxg4 Bxb7 43. gxf5 Ke5 44. g4 Kf6 45. a5 Kg5 46. Kc3 h5 47. h3 hxg4 48. hxg4 Bf3 49. Kd4 1/2-1/2

[Event "Belgrade-C"]
[Site "Belgrade SCG"]
[Date "1991.??.??"]
[Round "6"]
[White "Tringov, Georgi P"]
[Black "Ziatdinov, Raset"]
[Result "1-0"]
[WhiteElo "2420"]
[BlackElo "2515"]
[PlyCount "57"]
[EventDate "1991.08.??"]
[Source "www.chesslib.no"]
[SourceDate "2004.05.04"]

1. e4 e5 2. Nf3 Nc6 3. d3 Nf6 4. c3 g6 5. b4 d6 6. Bb2 Bg7 7. g3 O-O 8. Bg2 Bg4 9. Nbd2 Nd7 10. h3 Be6 11. O-O f5 12. exf5 Bxf5 13. b5 Na5 14. Nb3 Nxb3 15. axb3 Nc5 16. Ne1 Qc8 17. b4 Nxd3 18. Nxd3 Bxh3 19. Ne1 Be6 20. Nc2 Kh8 21. Ne3 a6 22. bxa6 Rxa6 23. Rxa6 bxa6 24. Qd3 Bh3 25. Bxh3 Qxh3 26. Qxa6 Bh6 27. Bc1 Bg5 28. Qc6 Bd8 29. b5 1-0

[Event "Jugoslavija"]
[Site "?"]
[Date "1995.??.??"]
[Round "?"]
[White "Smagin, S."]
[Black "Kozakov, M."]
[Result "1-0"]
[WhiteElo "2545"]
[BlackElo "2390"]
[PlyCount "87"]
[EventDate "1995.??.??"]
[Source "ChessBase"]
[SourceDate "1995.06.01"]

1. e4 d6 2. d4 Nf6 3. Bd3 e5 4. c3 Nc6 5. Nf3 g6 6. O-O Bg7 7. h3 O-O 8. Re1 h6 9. Na3 Nh7 10. Bb5 Ng5 11. Bxg5 hxg5 12. Bxc6 bxc6 13. dxe5 g4 14. hxg4 Bxg4 15. exd6 cxd6 16. Nc4 Rb8 17. Rb1 d5 18. Ne3 dxe4 19. Nxg4 Qxd1 20. Rexd1 exf3 21. gxf3 Rb7 22. Ne3 Rfb8 23. b3 Bxc3 24. Rbc1 Be5 25. Rxc6 Re8 26. Kf1 Kg7 27. Nc4 Bb8 28. Rd3 Bf4 29. Rd4 g5 30. Nd6 Bxd6 31. Rcxd6 Ree7 32. R6d5 f6 33. f4 gxf4 34. Rxf4 Kg6 35. Rg4+ Kf7 36. Rh5 Ke8 37. Ra4 Rbc7 38. Ra6 Rf7 39. Rh8+ Kd7 40. Ra8 Rc1+ 41. Ke2 Re7+ 42. Kd2 Ree1 43. R6xa7+ Kd6 44. Rd8+ 1-0

[Event "Tel Aviv-A"]
[Site "Tel Aviv ISR"]
[Date "1989.??.??"]
[Round "8"]
[White "Hickl, Joerg"]
[Black "Winants, Luc"]
[Result "1/2-1/2"]
[WhiteElo "2500"]
[BlackElo "2435"]
[PlyCount "63"]
[EventDate "1989.04.??"]
[Source "www.chesslib.no"]
[SourceDate "2004.05.04"]

1. e4 e5 2. Nf3 Nc6 3. d3 f5 4. g3 Nf6 5. exf5 Bc5 6. Nc3 d6 7. Bh3 O-O 8. O-O Bd7 9. Ne4 Qc8 10. Nh4 Nd4 11. Bg5 Kh8 12. g4 Bb6 13. c3 Nc6 14. Ng3 Qe8 15. Bg2 Qf7 16. h3 Rae8 17. Bd2 Ne7 18. c4 Bc6 19. g5 Nd7 20. Bxc6 Nxc6 21. Ne4 g6 22. f6 Nc5 23. Nxc5 Bxc5 24. Qg4 e4 25. dxe4 Ne5 26. Kg2 Qxc4 27. Rac1 Qxa2 28. Rxc5 dxc5 29. f4 Nc6 30. Bc3 Nd4 31. f5 Qf7 32. Re1 1/2-1/2

[Event "JUG Ch"]
[Site "Banja Vrucica YUG"]
[Date "1991.??.??"]
[Round "?"]
[White "Nikcevic, Nebojsa"]
[Black "Strikovic, Aleksa"]
[Result "0-1"]
[WhiteElo "2440"]
[BlackElo "2495"]
[PlyCount "72"]
[EventDate "1991.12.??"]
[Source "www.chesslib.no"]
[SourceDate "2004.05.04"]

1. d4 d6 2. e4 Nf6 3. Bd3 e5 4. c3 Nc6 5. Nf3 Bg4 6. d5 Ne7 7. h3 Bd7 8. c4 g6 9. c5 Bg7 10. cxd6 cxd6 11. a4 O-O 12. Nbd2 Ne8 13. O-O f5 14. b3 Kh8 15. Ba3 Ng8 16. Nc4 Ngf6 17. Nfd2 Bc8 18. Re1 f4 19. Be2 g5 20. Rc1 Rg8 21. Nf1 Bf8 22. Bg4 Nxg4 23. hxg4 Nf6 24. Nh2 h5 25. f3 Rg7 26. Rc3 Kg8 27. Qc2 hxg4 28. fxg4 Bxg4 29. Nxd6 Bxd6 30. Bxd6 Qxd6 31. Nxg4 Nxg4 32. Rc8+ Kh7 33. Rxa8 Rc7 34. Qb2 Qb6+ 35. Kf1 Nh2+ 36. Ke2 Qe3+ 0-1

[Event "YUG-ch 1/2 fin"]
[Site "?"]
[Date "1997.??.??"]
[Round "7"]
[White "Lazic Miroljub"]
[Black "Ristic Nenad"]
[Result "1-0"]
[WhiteElo "2455"]
[BlackElo "2475"]
[PlyCount "69"]
[EventDate "1997.??.??"]
[Source "www.chesslib.no"]
[SourceDate "2004.05.04"]

1. e4 e5 2. Nf3 Nf6 3. d3 Nc6 4. c3 d5 5. Nbd2 Be7 6. Be2 O-O 7. O-O a5 8. Re1 dxe4 9. dxe4 Bc5 10. Qc2 Qe7 11. h3 Nh5 12. Nc4 Nf4 13. Ne3 Be6 14. Nf5 Qf6 15. Bxf4 exf4 16. Bd3 g6 17. e5 Qd8 18. Nh6+ Kg7 19. Ng4 Qe7 20. Nf6 Rad8 21. Rad1 Bb6 22. Qc1 Nxe5 23. Nh5+ gxh5 24. Rxe5 Qf6 25. Rg5+ Kh8 26. Rxh5 Rxd3 27. Rxd3 Qg6 28. Qxf4 Qxh5 29. Qf6+ Kg8 30. Nd4 Re8 31. Nxe6 Qg6 32. Rd8 Bxf2+ 33. Kf1 Qb1+ 34. Kxf2 Qxb2+ 35. Kg3 1-0